Statistics for New Zealand A-Z

Click here to take the quiz!

General Stats

  • This quiz has been taken 75 times
  • The average score is 15 of 25

Answer Stats

ClueAnswer% Correct
AMost populous cityAuckland
98%
WCapital cityWellington
97%
KNational animalKiwi
95%
RSport played by All BlacksRugby union
95%
MName for the indigenous peopleMāori
95%
LSinger of "Royals"Lorde
79%
UCountry of birth of more than
250,000 New Zealand residents
United Kingdom
79%
EMountain New Zealander
Edmund Hillary climbed first
Everest
78%
ZDutch province for
which New Zealand is named
Zeeland
75%
IStewart, D'Urville, Waiheke e.g.Island
67%
SMajor range of the South IslandSouthern Alps
65%
CActor of "Gladiator"Crowe
62%
JMost famous movie directorJackson
60%
QSkiing resort town in South IslandQueenstown
52%
YWhat New Zealanders refer to
the popular table vegetable, oca
Yam
52%
HPrincipal city of Waikato regionHamilton
51%
POceanian sub-region it is part ofPolynesia
49%
TLargest lakeTaupo
43%
ODunedin is its administrative seatOtago
41%
FNational park of Milford SoundFiordland
41%
NSelf-governing stateNiue
40%
DWhat New Zealanders refer to
the Tasman Sea as
Ditch
35%
VProminent hill in the belowVictoria
35%
GNational anthem{God} {Defend}
New Zealand
33%
BPeninsula south of ChristchurchBanks
22%

Score Distribution

Percentile by Number Answered

Percent of People with Each Score

Your Score History

You have not taken this quiz